000
00361pab a2200169 454500
008
180718b2014 xxu||||| |||| 00| 0 eng d
100
_a
Coffey, Diance
245
_a
Height of the problem
260
_c
2014
300
_a
p.19-23.
362
_a
Sep
650
_a
Tribes
700
_a
Spears, Dean
773
_a
Seminar
908
_a
N
909
_a
105391
999
_c
105386
_d
105386